Mi infierno / (Registro nro. 13679)

Detalles MARC
000 -LIDER
fixed length control field 00680nam a2200241 a 4500
001 - NÚMERO DE CONTROL
Identificador de número de control
003 - IDENTIFICACDOR DE NÚMERO DE CONTROL
control field DO-SdBNP
005 - DATE AND TIME OF LATEST TRANSACTION
control field 20210824115148.0
008 - ELEMENTOS DE LONGITUD FIJA
fixed length control field 181115s2016 dr 000 p spa d
020 ## - ISBN
International Standard Book Number 9789945167207
040 ## - FUENTE DE CATALOGACIÓN
Agencia que crea de manera original el registro DO-SdBNP
Idioma de catalogación spa
Agencia que realiza la transcripción BPMSU
082 ## - NÚMERO DE CLASIFICACIÓN DECIMAL DE DEWEY
Classification number RD861.5
Item number B142m 2016
Edition number 22
100 1# - ASIENTO PRINCIPAL -- NOMBRE PERSONAL
Nombre personal Báez, Elsa
245 10 - MENCIÓN DE TITULO
Título Mi infierno /
Mención de responsabilidad Elsa Báez.
260 ## - PUBLICACIÓN, DISTRIBUCIÓN, ETC. (PIE DE IMPRENTA)
Lugar de publicación, distribución, etc Santo Domingo :
Nombre del editor, distribuidor, etc. Poetas de la Era,
Fecha de publicación, distribución, etc 2016.
300 ## - DESCRIPCIÓN FÍSICA
Extensión 79 p. ;
Dimensiones 23 cm.
500 ## - NOTA GENERAL
Nota general Incluye datos biográficos de la autora en la solapa de la cubierta
590 ## - NOTA LOCAL
Texto de la nota local Inventariado, 2021/VM
650 #4 - ENCABEZAMIENTO DE MATERIA--TEMÁTICO
Término temático o nombre geográfico como elemento de entrada Poesía dominicana
650 #4 - ENCABEZAMIENTO DE MATERIA--TEMÁTICO
Término temático o nombre geográfico como elemento de entrada Literatura dominicana
910 ## - VALIDACIÓN
Validación VMateo V.
942 ## - ADDED ENTRY ELEMENTS (KOHA)
Source of classification or shelving scheme Dewey Decimal Classification
Koha item type Libros
Existencias
Withdrawn status Lost status Source of classification or shelving scheme Damaged status Not for loan Collection code Home library Current library Date acquired Source of acquisition Full call number Barcode Date last seen Price effective from Koha item type Total Checkouts Copy number
    Dewey Decimal Classification     Colección Dominicana Biblioteca Pública Metropolitana Salomé Ureña Biblioteca Pública Metropolitana Salomé Ureña 08/24/2021 Compra BPMSU CD RD861.5 B142m 2016 BPMSU21080088 08/24/2021 08/24/2021 Libros    
    Dewey Decimal Classification     Colección Dominicana Biblioteca Pública Metropolitana Salomé Ureña Biblioteca Pública Metropolitana Salomé Ureña 08/24/2021 Compra BPMSU CD RD861.5 B142m 2016 BPMSU26050010 05/05/2026 08/24/2021 Libros   e.2